00521nam a2200145Ia 4500008004000000082002000040100002100060245004900081260006100130300001200191690001400203906001100217999001900228952012800247210210b1997 xxu||||| |||| 00| 0 eng d a305.895487 SOUT aSOUTH KANARITES. aSouth kanarites: in the united arb emirates. aMangalorebDivyajyothi Publishing & Communicationsc1997 a105,B31 aSociology a054310 c102512d102512 001040708SociologyaALbALcSociologyd2021-02-17g0.00l0o305.895487 SOUTp054310r2021-02-17 00:00:00w2021-02-17yBK